Most Successful Olympians - Statistics

General Stats
  • This quiz has been taken 24 times
  • The average score is 5 of 19
Answer Stats
Athlete Nationality Sport / Discipline G S B Total % Correct
Michael Phelps United States Swimming 23 3 2 28
100%
Usain Bolt Jamaica Athletics 8 0 0 8
57%
Johannes Høsflot Klæbo Norway Cross-country Skiing 11 1 1 13
48%
Carl Lewis United States Athletics 9 1 0 10
43%
Mark Spitz United States Swimming 9 1 1 11
43%
Bjørn Dæhlie Norway Cross-country Skiing 8 4 0 12
30%
Ole Einar Bjørndalen Norway Biathlon 8 4 2 14
30%
Paavo Nurmi Finland Athletics 9 3 0 12
30%
Katie Ledecky United States Swimming 9 4 1 14
22%
Larisa Latynina Soviet Union Gymnastics 9 5 4 18
22%
Marit Bjørgen Norway Cross-country Skiing 8 4 3 15
22%
Birgit Fischer (East /) Germany Canoeing 8 4 0 12
17%
Isabell Werth Germany Equestrian 8 6 0 14
13%
Matt Biondi United States Swimming 8 2 1 12
13%
Caeleb Dressel United States Swimming 9 1 0 10
9%
Ray Ewry United States Athletics 8 0 0 8
9%
Jenny Thompson United States Swimming 8 3 1 12
4%
Lisa Carrington New Zealand Canoeing 8 0 1 9
4%
Sawao Katō Japan Gymnastics 8 3 1 12
4%
No matching quizzes found
Score Distribution
Percent of People with Each Score
Percentile by Number Answered
Your Score History
You have not taken this quiz